00494nam a22001577a 4500020001800000082001400018100002000032245005100052250000900103260004400112300000800156650001600164942000700180952013200187999001700319 a9789350974728 a305.8 BHA aBhandarkar P.L. aMethodology and Techniques of Social Research  a24th aMumbaibHimalaya Publishing Housec2013 a437 aSocial work cBK 00104070aHMIbHMIcGENd2016-01-11eJawaher Book Centreg790.00l2o305.8 BHAp25013r2020-02-03s2019-07-16w2026-01-16yBK c19933d19933